000 00939nas a2200301 4500
001 BR2011003850
003 BR-BrBNA
005 20231205115035.0
007 ta
008 230509b bl.|||p| |||| 00| 00por d
040 _aBR-BrBNA
_bpor
_cBiblioteca Nacional de Agricultura
041 _a(Pt)
072 _aL73
100 1 _aSilva, A.S. da
100 1 _aPereira, P. de L.
100 1 _aMonteiro, S.G.
245 1 _aAchados patológicos, sinais clínicos e ganho de peso de coelhos infectados experimentalmente por Trypanossoma evansi
650 _aCOELHO
650 _aGANHO DE PESO
650 _aINFECÇÃO
650 _aTRIPANOSSOMO
650 _aPROTOZOÁRIO
650 _aINOCULAÇÃO
650 _aANÁLISE DE LABORATÓRIO
773 0 _tSemina. Ciências Agrárias (Brazil)
_xISSN 1676-546X
_g(Jul-Sep 2009), v. 30(3) p. 679-682
_wBR2011003850
909 _a202311
_bLúcia
_c55
_dLúcia Elande
942 _2AGRIS
_n0
_cANA
999 _c211791
_d211791